Prístupové metódy bezdrôtových senzorových sietí
Enregistré dans:
| Auteur principal: | |
|---|---|
| Autres auteurs: | |
| Format: | Manuscrit Livre |
| Langue: | slovaque |
| Publié: |
Bratislava :
STU v Bratislave FIIT,
2010
|
| Sujets: | |
| Accès en ligne: | VAIS |
| Tags: |
Pas de tags, Soyez le premier à ajouter un tag!
|
MARC
| LEADER | 00000ntm a22000003a 4500 | ||
|---|---|---|---|
| 001 | stu209691 | ||
| 005 | 20150617230103.2 | ||
| 008 | 100818s2010------------------------slo-d | ||
| 040 | |a STU |b slo | ||
| 041 | 0 | |a slo | |
| 100 | 1 | |a Hájek, Vladimír, |d 1984- |4 aut |u I100 |U FIIT Fakulta informatiky a informačných technológií |T FIIT Ústav počítačových systémov a sietí |X 20458 |U I100 |Y 178 |7 A000020458 | |
| 242 | 0 | 0 | |a Medium access control in wireless sensor networks |y eng |
| 245 | 1 | |a Prístupové metódy bezdrôtových senzorových sietí | |
| 260 | |a Bratislava : |b STU v Bratislave FIIT, |c 2010 | ||
| 300 | |a 73 s |c príl. | ||
| 650 | 7 | |a simulation |2 estusub | |
| 650 | 7 | |a senzorové siete |2 stusub | |
| 700 | 1 | |a Trúchly, Peter, |d 1972- |4 ths |u I100 |U FIIT Fakulta informatiky a informačných technológií |T FIIT Ústav počítačových systémov a sietí |X 1917 |U I100 |Y 178 |7 1917 | |
| 856 | 4 | |a info a plný text |u http://is.stuba.sk/zp/portal_zp.pl?podrobnosti=74734 |3 VAIS | |
| 996 | |c I*DP35/10 |l II680 |s P |a 0 |w stu209691_0001 | ||